MARC

LEADER 00000nam0a2200000 4500
001 356581
005 20231102010916.0
035 |a (RuTPU)RU\TPU\retro\13841 
090 |a 356581 
100 |a 20200722d1973 km y0rusy50 ca 
101 0 |a rus 
102 |a UA 
105 |a a z 001zy 
200 1 |a Оценка качества передачи информации  |f В. В. Грицык, В. Н. Михайловский  |g Академия наук Украинской ССР, Физико-механический институт 
210 |a Киев  |c Наукова думка  |d 1973 
215 |a 180 с.  |c ил. 
320 |a Библиогр.: с. 167-178 
606 1 |a Информация  |x Передача  |x Качество  |2 stltpush  |3 (RuTPU)RU\TPU\subj\12992  |9 39682 
610 1 |a оценка 
610 1 |a показатели 
610 1 |a достоверность 
610 1 |a корректирующие коды 
610 1 |a количество 
610 1 |a групповые коды 
610 1 |a троичные коды 
610 1 |a коды Рида-Мюллера 
610 1 |a коды Боуза-Чоудхури-Хоквингема 
675 |a 621.391.83  |v 4 
700 1 |a Грицык  |b В. В.  |g Владимир Владимирович 
701 1 |a Михайловский  |b В. Н.  |g Владимир Николаевич 
712 0 2 |a Академия наук Украинской ССР  |b Физико-механический институт  |c (Львов)  |c (1964-1991)  |2 stltpush  |3 (RuTPU)RU\TPU\col\1181  |9 23527 
801 1 |a RU  |b 63413507  |c 20200722 
801 2 |a RU  |b 63413507  |c 20210405  |g RCR 
942 |c BK